000 00469nam a2200169Ia 4500
999 _c35293
_d35293
003 OSt
005 20201211093101.0
008 190216s9999||||xx |||||||||||||| ||und||
040 _coclc
082 _a330.156
_bHAN/G
100 _aHansen, Alvin H
_97354
245 2 _aA Guide To Keynes /
_cAlvin H Hansen
260 _bMcgraw -hill,
_aNew York:
300 _a237p
650 _aReferences
942 _cREF
_2ddc
_h330.156
_iHAN/G
_k330.156
_mHAN/G